Every FNAF Help Wanted, Curse of Dreadbear DLC and Help Wanted 2 Level - Statistics

General Stats
  • This quiz has been taken 3 times
  • The average score is 5 of 76
Answer Stats
Level Set/Game Answer % Correct
Parts and Service Bonnie
100%
Parts and Service Chica
100%
Parts and Service Foxy
100%
Parts and Service Freddy
100%
Spooky Mansion Dreadbear
50%
Dark Rooms Plushbaby
50%
Backstage Arts and Crafts: Daycare
0%
Backstage Arts and Crafts: Loft
0%
Sister Location Ballora Gallery
0%
Parts and Service Beacon Bonnie
0%
Parts and Service Beacon Chica
0%
Sister Location Breaker Room
0%
Sister Location Breaker Room: Hard Reset
0%
Spooky Mansion Build-a-Mangle
0%
Parts and Service Burnt Foxy
0%
Ticket Booth Capt. Foxy's Log Ride
0%
Ticket Booth Carousel
0%
Ticket Booth Cinder Carousel
0%
Night Terrors Circus Baby
0%
Staff Only Cold Storage
0%
Afraid of the Dark Corn Maze
0%
Danger! Keep Out! Danger! Keep Out!
0%
Parts and Service Dark Freddy
0%
Food Prep El Chip's
0%
Staff Only Endo Warehouse
0%
Vent Repair Ennard
0%
Vent Repair Ennard Hard Mode
0%
Food Prep Fazbear Theater
0%
Staff Only First Aid: Lefty
0%
Staff Only First Aid: Pigpatch
0%
Staff Only First Aid: Scrap Baby
0%
Staff Only Fizzy Faz Night 1
0%
Staff Only Fizzy Faz Night 2
0%
Staff Only Fizzy Faz Night 3
0%
Staff Only Fizzy Faz Night 4
0%
Staff Only Fizzy Faz Night 5
0%
Dark Rooms Funtime Foxy
0%
Dark Rooms Funtime Foxy Hard Mode
0%
Night Terrors Funtime Freddy
0%
Vent Repair Mangle
0%
Vent Repair Mangle Hard Mode
0%
FNAF 1 Night 1
0%
FNAF 2 Night 1
0%
FNAF 3 Night 1
0%
FNAF 1 Night 2
0%
FNAF 2 Night 2
0%
FNAF 3 Night 2
0%
FNAF 1 Night 3
0%
FNAF 2 Night 3
0%
FNAF 3 Night 3
0%
FNAF 1 Night 4
0%
FNAF 2 Night 4
0%
FNAF 3 Night 4
0%
FNAF 1 Night 5
0%
FNAF 3 Night 5
0%
Dark Rooms Nightmare BB
0%
Dark Rooms Nightmare BB Hard Mode
0%
Night Terrors Nightmare Fredbear
0%
Night Terrors Nightmarionne
0%
Sister Location Office: Funtime Gang
0%
Sister Location Office: Job Interview
0%
Sister Location Office: Private Room
0%
Sister Location Office: Puppet Master
0%
Afraid of the Dark Pirate Ride
0%
Dark Rooms Pizza Party
0%
Food Prep Pizza Pizza Pizza
0%
Dark Rooms Plushbaby Hard Mode
0%
Afraid of the Dark Plushkin Patch
0%
Dark Rooms Plushtrap
0%
Dark Rooms Plushtrap Hard Mode
0%
Princess Quest Princess Quest IV
0%
Backstage Salon: Glam Makeover
0%
Backstage Salon: Roxy Repair
0%
Backstage Salon: S.T.A.F.F Makeover
0%
Spooky Mansion Trick or Treat
0%
FNAF 2 Withereds
0%
No matching quizzes found
Score Distribution
Percent of People with Each Score
Percentile by Number Answered
Your Score History
You have not taken this quiz